| 000 | 01504cam a2200409 a 4500 | ||
|---|---|---|---|
| 001 | 16447681 | ||
| 003 | NUST | ||
| 005 | 20210223093541.0 | ||
| 008 | 100907s2009 pk b 001 0 urd | ||
| 010 | _a 2010344348 | ||
| 020 | _a9789695730904 | ||
| 025 | _aP-U-2010344348; 32 | ||
| 038 | _aArshad | ||
| 040 |
_aDLC _cDLC _dDLC |
||
| 042 |
_alcode _apcc |
||
| 043 |
_aa-pk--- _aa-ii--- |
||
| 050 | 0 | 0 |
_aDS384 _b.S2156 2009 |
| 066 |
_c(3 _c(4 |
||
| 082 |
_a954.90461 _bMAH |
||
| 100 | 0 |
_6880-01 _aSafdar Mahmood, _d1941- _95187 |
|
| 245 | 1 | 0 |
_6880-02 _aPākistān kiyūn̲ ṭūṭā? / _cṢafdar Maḥmūd. |
| 260 |
_6880-03 _aLāhaur : _bJahāngīr Buks, _c2010 |
||
| 300 |
_a303 p. ; _c22 cm. |
||
| 504 | _aIncludes bibliographical references (233-238) and index. | ||
| 520 | _aHistorical study of Pakistan politics and government with special reference to Pakistan and India conflict in 1971. | ||
| 546 | _aIn Urdu. | ||
| 563 | _aHBK | ||
| 650 | 0 |
_aIndia-Pakistan Conflict, 1971. _95188 |
|
| 651 | 0 |
_aPakistan _xPolitics and government. _9206 |
|
| 651 | 0 |
_aPakistan _xPolitics and government _y1947-1971. _95189 |
|
| 880 | 0 |
_6100-01/(3/r _a,صفدر محمود _d1941- |
|
| 880 | 1 | 0 |
_6245-02/(4/r _aپاکستان کيوں ٹوٹا؟ / _cصفدر محمود. |
| 880 |
_6260-03/(3/r _aلاهور : _bجهانگير بکس، _c2010 |
||
| 906 |
_a7 _bcbc _corigode _d3 _encip _f20 _gy-nonroman |
||
| 942 |
_2ddc _cBK |
||
| 999 |
_c541285 _d541285 |
||